000 00783nam a2200265 a 4500
001 70390
003 BD-RjUL
005 20211209082007.0
008 170417s2006 enka b 001 0 eng d
020 _a8173196567
020 _a1842652508 (hbk.)
035 _a(BD-RjUL)70604
038 _aUkLCURL
040 _aUkCU
_beng
_cUkCU
_dBD-RjUL
041 _aeng
082 _223
_a514.325
_bKUT 2006
100 1 _aKumaresan, S.
_9208423
245 1 0 _aTopology of metric spaces /
_cS. Kumaresan.
260 _aHarrow :
_bAlpha Science International,
_cc2005 [reprint 2006]
300 _axii, 152 p. :
_bill. ;
_c25 cm.
504 _aIncludes bibliographical references and index.
650 0 _aMetric spaces
_vTextbooks.
_9208424
942 _2ddc
_cBK
999 _c70390
_d70390